书目信息 |
| 题名: |
中国大趋势
|
|
| 作者: | 奈斯比特 , 奈斯比特 著 ;魏平 译 | |
| 分册: | 新社会的八大支柱 | |
| 出版信息: | 北京 中华工商联合出版社 2011 |
|
| 页数: | 221页 | |
| 开本: | 24cm | |
| 丛书名: | ||
| 单 册: | ||
| 中图分类: | D602 | |
| 科图分类: | ||
| 主题词: | 政论--中国--现代 , 政论 | |
| 电子资源: | ||
| ISBN: | 978-7-80249-844-0 | |
| 000 | 01392nam0 22003011 450 | |
| 001 | 524 | |
| 005 | 20140905100230.87 | |
| 010 | @a978-7-80249-844-0@dCNY32.00 | |
| 100 | @a20120702d2011 em y0chiy50 ea | |
| 101 | 1 | @achi@ceng |
| 102 | @aCN@b110000 | |
| 105 | @aa z 000yy | |
| 106 | @ar | |
| 200 | 1 | @a中国大趋势@AZhong Guo Da Qu Shi@i新社会的八大支柱@dChina's megatrends@i8 Pillars of a new society@e扩容升级版@f(美)约翰·奈斯比特(John Naisbitt),(奥)多丽丝·奈斯比特(Doris Naisbitt)著@g魏平译@zeng |
| 205 | @a2版 | |
| 210 | @a北京@c中华工商联合出版社@d2011 | |
| 215 | @a221页@c照片@d24cm | |
| 305 | @a由美国哈珀·柯林斯出版集团授权出版 | |
| 330 | @a本书站在全球的高度,精辟地提出了“中国新社会的八大支柱”理论——解放思想、“自上而下”与“自下而上”的结合、规划“森林”,让“树木”自由生长、摸着石头过河、艺术与学术的萌动、融入世界、自由与公平、从奥运金牌到诺贝尔奖。并由此总结出中国发展的大趋势,预测未来三十年,中国必将成为世界政治、经济和军事版图中一支不可小觑的力量。 | |
| 510 | 1 | @aChina's megatrends@i8 Pillars of a new society@zeng |
| 606 | 0 | @a政论@y中国@z现代 |
| 606 | 0 | @a政论 |
| 690 | @aD602@v5 | |
| 701 | 0 | @g(美)@a奈斯比特@ANai Si Bi Te@g(Naisbitt, John@f1929~)@4著 |
| 701 | 0 | @g(德)@a奈斯比特@ANai Si Bi Te@g(女,Naisbitt, Doris)@4著 |
| 702 | 0 | @a魏平@AWei Ping@g(经济学)@4译 |
| 801 | 0 | @aCN@bTANGWEI@c20140603 |
| 905 | @b0836397-99@dD602@e122=2@f3 | |
| 中国大趋势.新社会的八大支柱=China's megatrends.8 Pillars of a new society:扩容升级版/(美)约翰·奈斯比特(John Naisbitt),(奥)多丽丝·奈斯比特(Doris Naisbitt)著/魏平译.-2版.-北京:中华工商联合出版社,2011 |
| 221页:照片;24cm |
| ISBN 978-7-80249-844-0:CNY32.00 |
| 本书站在全球的高度,精辟地提出了“中国新社会的八大支柱”理论——解放思想、“自上而下”与“自下而上”的结合、规划“森林”,让“树木”自由生长、摸着石头过河、艺术与学术的萌动、融入世界、自由与公平、从奥运金牌到诺贝尔奖。并由此总结出中国发展的大趋势,预测未来三十年,中国必将成为世界政治、经济和军事版图中一支不可小觑的力量。 |
| ● |
| 相关链接 |
|
|
|
|
正题名:中国大趋势
索取号:D602/122=2
 
预约/预借
| 序号 | 登录号 | 条形码 | 馆藏地/架位号 | 状态 | 备注 |
| 1 | 0836397 | 208363974 | 第一样本阅览室/ [索取号:D602/122=2] | 在馆 | |
| 2 | 0836398 | 208363983 | 第一借阅区/ [索取号:D602/122=2] | 在馆 | |
| 3 | 0836399 | 208363992 | 第一借阅区/ [索取号:D602/122=2] | 在馆 |